[Event "USA-ch U16"]
[Site "Saint Louis"]
[Date "2015.07.10"]
[Round "4"]
[White "Shen, Arthur"]
[Black "Liang, Awonder"]
[Result "1-0"]
[WhiteElo "2339"]
[BlackElo "2404"]
[Annotator "Molner,M"]
[PlyCount "81"]
[EventDate "2015.07.07"]
[EventType "tourn"]
[EventRounds "9"]
[EventCountry "USA"]
[EventCategory "6"]
[SourceTitle "CBM 167 Extra"]
[Source "ChessBase"]
[SourceDate "2015.09.14"]
[SourceVersion "1"]
[SourceVersionDate "2015.09.14"]
[SourceQuality "1"]
[WhiteClock "0:34:25"]
[BlackClock "0:31:59"]

1. e4 e5 2. Nf3 Nc6 3. Bc4 Bc5 4. d3 {An opening that has a quiet reputation,
usually leading to slow maneuvering} Nf6 5. O-O d6 6. c3 a6 {Always a useful
move for Black. Now Black can guarantee that they will not lose the bishop
pair to a move like Na4. In addition to this point, Black may soon consider
Na5, winning the bishop pair.} 7. Bb3 {Taking the sting out of Na5} Ba7 8. Re1
O-O 9. h3 h6 10. Nbd2 Be6 11. Bc2 Ne7 12. Nf1 Ng6 13. d4 {'!' After this move,
the secures a more pleasant position for White.} c6 {In a few moves Black
plays c5, which seems inconsistent with this move. If this were Black's plan,
it probably makes more sense to play c5 immediately.} (13... c5 $5 14. Be3 {
With similar play to the game}) 14. Be3 Qc7 15. Ng3 c5 16. Qd2 Rfd8 17. Nf5 d5
{By this point, the game had reached a critical boiling point. d5 was an
extravagant but unsound choice. Watching this game live, it didn't seem like
such an easy choice to began the necessary sacrifices that are the only way to
take advantage of Black's move.} 18. Bxh6 {'!?' Shen is up to the task, and
finds this strong move.} (18. Nxg7 $3 {Sacrifices on g7 like this are very
uncommon, not to mention much more unnatural for a person than taking on h6.
The computer makes a strong case that this is quite a powerful move though. A
sample variation could be} Kxg7 19. Bxh6+ Kh8 20. exd5 Rxd5 21. Bxg6 fxg6 22.
Nxe5 Rg8 23. Qg5 {White's threats are too numerous for Black to handle.}) 18...
Nxe4 19. Bxe4 dxe4 20. Nxg7 exf3 21. Qg5 (21. Nh5) 21... Qe7 22. Nxe6 Qxg5 (
22... Qxe6 {Despite holding on to extra material, White's pieces here are too
strong after} 23. Rxe5 Qd6 24. Rae1 {Threatening Re6!!} Kh7 25. Qh5) 23. Nxg5
fxg2 {'?' This is probably the last point in the game where Black could have
offered serious resistance.} (23... exd4 $1 {This keeps Black's material
disadvantage to a mimimum although White is still clearly better.}) 24. dxe5
Re8 25. e6 {'!'} fxe6 26. Nxe6 c4 27. Re4 Re7 28. Kxg2 Rae8 29. Rae1 b5 30. Bg5
Rf7 31. f3 Rf5 32. h4 Bb8 33. f4 {'!' This move signaled the end for Black.
White's position is rock solid on the kingside and there is no counterplay for
Black. White can slowly improve with moves like h5 as well as Kf3-g4} Rd5 34.
Nd4 Rf8 35. Re8 Ba7 36. h5 Nxf4+ 37. Bxf4 Bxd4 38. Rxf8+ Kxf8 39. cxd4 Rxh5 40.
Re6 Rh4 41. Be5 {A disappointing loss for Awonder but Shen must be pleased
with this strong performance.} 1-0

[Event "World Women-ch k.o."]
[Site "Teheran"]
[Date "2017.02.13"]
[Round "2.1"]
[White "Muzychuk, Anna"]
[Black "Kashlinskaya, Alina"]
[Result "1-0"]
[WhiteElo "2558"]
[BlackElo "2418"]
[Annotator "Moradiabadi,E"]
[PlyCount "47"]
[EventDate "2017.02.11"]
[EventType "k.o."]
[EventRounds "7"]
[EventCountry "IRI"]
[SourceTitle "CBM 177"]
[Source "ChessBase"]
[SourceDate "2017.03.16"]
[SourceVersion "1"]
[SourceVersionDate "2017.03.16"]
[SourceQuality "1"]

1. e4 e5 2. Nf3 Nc6 3. Bc4 {The Giuoco "calm" Piano. I am not sure but it may
have come as a surprise to Kashilinskaya since this is not Muzychuk's first
choice against 1...e5, as far as I remember.} Bc5 4. O-O Nf6 5. d3 a6 6. c3 Ba7
7. Nbd2 O-O 8. h3 {Accurate play in my opinion.} (8. Re1 {would have given
Black the famous Ng4 idea.} d6 9. Bb3 Ng4 {1/2-1/2 (67) Socko,B (2600)-Banusz,
T (2621) Katowice 2016}) 8... d6 9. Bb3 Nh5 {Not the most common but this move
has proven itself in this opening's theory.} 10. Re1 Nf4 (10... Qf6 11. Nf1 h6
{is more common and well-reputed.} (11... Nf4 {transposes.})) 11. Nf1 Qf6 12.
Ng3 {A rare and playable move.} h5 $2 {Not the right pawn!} (12... g5 13. d4
exd4 14. h4 gxh4 (14... dxc3 $5) 15. Nf5 Bxf5 16. exf5 Qxf5 17. Nxh4 Qh5 18.
Bxf4 Qxh4 19. g3 Qh3 20. Qf3 dxc3 21. bxc3 Qf5 22. Bd5 Ne5 23. Bxe5 Qxf3 24.
Bxf3 dxe5 25. Rxe5 Rae8 26. Rg5+ Kh8 27. Bxb7 Rg8 28. Rxg8+ Rxg8 29. Kg2 Rb8
30. Bxa6 Rb2 31. Rf1 Rxa2 32. Bc4 Rc2 33. Bxf7 Rxc3 34. Ra1 Bb6 35. Be6 Rc2 36.
Ra2 Rxa2 37. Bxa2 Kg7 38. Bb3 Kf6 39. f4 h6 40. g4 Ba5 41. Ba4 Bb6 42. Bb3 Ba5
43. Ba4 Bb6 {1/2-1/2 (43) Wei,Y (2634)-Naiditsch,A (2705) Danzhou 2014}) (12...
Bxh3 $2 13. gxh3 Nxh3+ 14. Kg2 Nxf2 15. Qe2 {and Black won't get anywhere.})
13. d4 h4 {But this is too much. After this move, Muzychuk did not give Black
a second chance.} (13... g6 {was necessary.}) 14. Nf5 $1 g6 15. Bxf4 gxf5 16.
dxe5 dxe5 17. Bg5 Qg6 18. exf5 Bxf5 19. Qc1 $1 Bd3 20. Nxh4 Qh5 21. Bf6 Kh7 22.
Bc2 Bg6 23. Re4 Rae8 24. Nf3 {A flawless performance by current world women's
rapid and blitz champion.} 1-0

[Event "Corus-B"]
[Site "Wijk aan Zee"]
[Date "2008.01.23"]
[Round "10"]
[White "Movsesian, Sergei"]
[Black "Smeets, Jan"]
[Result "1-0"]
[WhiteElo "2677"]
[BlackElo "2573"]
[Annotator "Movsesian,S"]
[PlyCount "49"]
[EventDate "2008.01.12"]
[EventType "tourn"]
[EventRounds "13"]
[EventCountry "NED"]
[EventCategory "15"]
[SourceTitle "CBM 122"]
[Source "ChessBase"]
[SourceDate "2008.01.30"]
[SourceVersion "1"]
[SourceVersionDate "2008.01.30"]
[SourceQuality "1"]

1. e4 e5 2. Nf3 Nc6 3. Bc4 Bc5 4. c3 Nf6 5. d3 d6 6. Bb3 a6 7. O-O Ba7 8. Re1
Qe7 $5 {Black is trying to castle long quickly and lauch an attack on kingside.
} (8... O-O) 9. Nbd2 (9. h3 h6 $5 {preparing the typical g5-g4 break.}) 9...
Ng4 10. Re2 f5 11. exf5 ({I didn´t like} 11. d4 {due to} f4 12. Bd5 Bd7 13.
dxe5 dxe5 14. Nc4 O-O-O) 11... Bxf5 12. d4 O-O-O 13. Ne4 Rhf8 $6 {This looks a
bit too slow.} (13... h6 14. Ng3 Bh7 15. h3 Nf6 16. Ba4 $14) (13... Nf6 $5 14.
Ng3 Bd7 $13) 14. Ng3 Bd7 15. Qc2 $5 {Creating a positional threat: 16.h3 Nf6
17.Nf5 and maybe even grabbing a pawn on h7.} h6 {Leading Black to a difficult
position, but it is already not easy to offer any good advice.} 16. h3 Nxf2 {
A desperate try to change the course of the game.} (16... Nf6 17. Nh4 Be8 18.
Be3 $16) (16... Rxf3 17. gxf3 Nf6 18. Be3 $1 {and I don´t think Black has
enough compensation here.}) 17. Kxf2 Rxf3+ 18. gxf3 Qh4 19. Be3 Nxd4 (19...
exd4 20. cxd4 Nxd4 21. Qe4 Qxe4 22. Nxe4 Nxe2 23. Kxe2 Bxe3 24. Kxe3 $16) 20.
Qe4 Qxe4 21. Nxe4 Nxe2 22. Kxe2 Bxe3 23. Kxe3 Bxh3 24. Rg1 Rd7 $2 (24... g5 25.
Rh1 Bd7 26. Rxh6 g4 27. f4 $18) 25. Rh1 1-0

[Event "EU-Cup 23rd"]
[Site "Kemer"]
[Date "2007.10.08"]
[Round "6.3"]
[White "Areshchenko, Alexander"]
[Black "Movsesian, Sergei"]
[Result "0-1"]
[WhiteElo "2638"]
[BlackElo "2670"]
[Annotator "Movsesian,S"]
[PlyCount "89"]
[EventDate "2007.10.03"]
[EventType "team-swiss"]
[EventRounds "7"]
[EventCountry "TUR"]
[SourceTitle "CBM 121"]
[Source "ChessBase"]
[SourceDate "2007.11.14"]
[SourceVersion "1"]
[SourceVersionDate "2007.11.14"]
[SourceQuality "1"]
[WhiteTeam "Keystone"]
[BlackTeam "Sarajevo Bosna"]
[WhiteTeamCountry "ENG"]
[BlackTeamCountry "BIH"]

1. e4 e5 2. Nf3 Nc6 3. Bc4 Bc5 4. O-O Nf6 5. d3 d6 6. c3 O-O 7. Re1 a6 8. Bb3
Ba7 9. h3 h6 10. Nbd2 Be6 11. Bc2 Re8 12. Nf1 d5 13. Qe2 Qd7 14. N3h2 $5 ({
My opponent has played the position after} 14. Ng3 Rad8 15. Kh2 Kh8 16. Nh4 Ng8
17. Qf3 Bc5 18. Ngf5 Bf8 19. g4 $14 {Areshchenko-Aleksandrov, Moscow Aeroflot
2007}) 14... Ne7 {Black moves the N to g6, where it protects the king better
and also c7-c6 becomes possible.} 15. Qf3 Nh7 16. Ng4 Ng6 17. Nfe3 c6 18. Nf5
f6 {This move was not forced, but I wanted to provoke my opponent to some
sharp action...} ({The prophylactic} 18... Kh8 $5 {looks like a good
alternative.}) 19. d4 $5 exd4 20. Nxd4 (20. e5 fxe5 21. Nfxh6+ gxh6 22. Bxg6
Bxg4 23. hxg4 Ng5 $1 24. Bxg5 hxg5 25. Bxe8 Rxe8 {and Black is doing fine.})
20... Bxd4 21. cxd4 dxe4 22. Qg3 $2 (22. Rxe4 {was necessary} f5 23. Rxe6 Rxe6
24. Bxf5 Re1+ 25. Kh2 Qf7 26. Bxg6 $1 Qxg6 27. Qb3+ Qf7 28. Qg3 $44) 22... Bf7
$1 {Now White can never take on e4.} 23. Qc3 Rad8 24. Be3 h5 25. Nh2 f5 26.
Rad1 f4 27. Bc1 Nf6 {Black is simply a pawn up and also has a big positional
advantage.} 28. Nf1 Re7 29. Nd2 Rde8 30. Nc4 Bxc4 31. Qxc4+ Nd5 32. f3 exf3 33.
Rxe7 Qxe7 ({Also} 33... Ngxe7 34. Qd3 fxg2 35. Qh7+ Kf8 36. Qxh5 Nf6 37. Qf3
Ned5 {looks quite convincing.}) 34. Qd3 (34. Bxg6 Qg5 35. Qc2 Re2 $19) 34...
Ne3 35. Qxg6 f2+ 36. Kxf2 (36. Kh2 Ng4+ $1 $19) 36... Nxd1+ 37. Kg1 Qe1+ 38.
Kh2 Qg3+ $19 39. Qxg3 fxg3+ 40. Kxg3 Ne3 41. Bg6 Re6 42. Bxh5 Nf5+ 43. Kf4 Nxd4
44. Bg4 Re7 45. Be3 $4 (45. Be3 g5+) 0-1

[Event "EU-ch 9th"]
[Site "Plovdiv"]
[Date "2008.04.26"]
[Round "6"]
[White "Movsesian, Sergei"]
[Black "Werle, Jan"]
[Result "1-0"]
[WhiteElo "2695"]
[BlackElo "2581"]
[Annotator "Movsesian,S"]
[PlyCount "71"]
[EventDate "2008.04.21"]
[EventType "swiss"]
[EventRounds "11"]
[EventCountry "BUL"]
[SourceTitle "CBM 124"]
[Source "ChessBase"]
[SourceDate "2008.05.28"]
[SourceVersion "1"]
[SourceVersionDate "2008.05.28"]
[SourceQuality "1"]

1. e4 e5 2. Nf3 Nc6 3. Bc4 Bc5 4. c3 Nf6 5. d3 d6 (5... a6 6. Bb3 Ba7 7. O-O d6
8. h3 h6 9. Be3 g5 $5 10. Bxa7 Nxa7 11. d4 Qe7 12. Nbd2 g4 13. hxg4 Nxg4 (13...
Bxg4 14. dxe5 dxe5 15. Nc4 Nc6 16. Ne3 Rg8 $11 {Pavasovic-Fressinet, Plovdiv
2008}) 14. dxe5 dxe5 15. g3 Rg8 16. Qe2 Bd7 17. Rfd1 O-O-O 18. Nc4 h5 $13 {
Khamrakulov-Vallejo, Pamplona 2007}) 6. Bb3 h6 7. O-O g5 $6 {Generally, g7-g5
is a one of the most aggressive plans against White's modest setup, but in
this position it looks just too optimistic...} (7... O-O {would lead to some
of the main lines.}) 8. Be3 {White hasn't yet weakened his king's position by
h2-h3, and can concentrate on development and building a strong centre.} Bb6 9.
Nbd2 Ne7 10. a4 $1 {Forcing Black to solve matters with the bishop or to
weaken the centre by c7-c6.} Ng6 11. d4 g4 12. Ne1 c6 13. Nd3 {Increasing the
pressure and already threatening f2-f4, after which Black's position would be
critical.} d5 {This is the only way to avoid an immediate catastrophe.} 14.
Nxe5 Nxe5 15. dxe5 Nxe4 16. Nxe4 dxe4 17. Qxd8+ ({Inaccurate would be} 17. Bxb6
axb6 18. Qxd8+ Kxd8 19. Bxf7 Ra5 $1 {and Black has chances to survive.}) 17...
Bxd8 18. Rfe1 Bf5 19. Bc2 Be7 20. a5 $1 {White is not hurrying to win a pawn
on e4, improving the position first.} c5 (20... h5 21. Ra4 $16) 21. Rad1 h5 22.
Ba4+ {Switching the plan. Now there are more squares for the white pieces and
the black pawn on e4 is not important any more. In a couple of moves Black
would be practically stalemated without any conterplay.} Kf8 23. Bd7 Bg6 24.
Rd5 Rd8 25. Red1 b6 26. a6 Kg7 27. Kf1 Rb8 28. c4 f5 {Jan didn't want just to
sit back and wait and decides to force matters.} 29. Bf4 Rbd8 30. e6 Bf6 31.
Bc7 Rdg8 32. Bb5 {The easiest way to win - exchanging all 4 rooks followed by
Bb8 or Bxb6...} Rh7 33. Rd7+ Kh8 34. Rxh7+ Kxh7 35. Rd7+ Rg7 36. Bxb6 1-0

[Event "EU-ch 6th"]
[Site "Warsaw"]
[Date "2005.06.30"]
[Round "12"]
[White "Godena, Michele"]
[Black "Sargissian, Gabriel"]
[Result "0-1"]
[WhiteElo "2527"]
[BlackElo "2630"]
[Annotator "Mueller,Karsten"]
[PlyCount "166"]
[EventDate "2005.06.18"]
[EventType "swiss"]
[EventRounds "13"]
[EventCountry "POL"]
[SourceTitle "CBM 108"]
[Source "ChessBase"]
[SourceDate "2005.09.26"]
[SourceVersion "1"]
[SourceVersionDate "2005.09.26"]
[SourceQuality "1"]

1. e4 e5 2. Nf3 Nc6 3. Bc4 Bc5 4. c3 Nf6 5. d3 d6 6. Bb3 a6 7. h3 Ba7 8. Nbd2
O-O 9. O-O Be6 10. Re1 h6 11. Nf1 Re8 12. Be3 Bb6 13. Bxb6 cxb6 14. Ne3 b5 15.
Bc2 d5 16. exd5 Nxd5 17. d4 exd4 18. Nxd5 Qxd5 19. Be4 Qd7 20. Nxd4 Nxd4 21.
Qxd4 Rad8 22. Qxd7 Rxd7 23. Rad1 Red8 24. Rxd7 Rxd7 25. a3 Kf8 26. Bf3 Bb3 27.
Re5 b6 28. Bc6 Re7 29. Rxe7 Kxe7 30. Bb7 a5 31. Bc6 Bc4 32. f4 Kd6 33. Bf3 Bd5
34. Be2 Bc4 35. Bd1 b4 36. axb4 axb4 37. Kf2 Kc5 38. g3 bxc3 39. bxc3 Be6 40.
Be2 Bxh3 41. Ke3 Kd5 42. Bd3 Bd7 43. Be2 f6 44. Bh5 Bf5 45. Bf7+ Kc5 46. Kd2
Bh7 47. Ke3 Bf5 48. Kd2 Be4 49. Ke3 Bb1 50. Kd2 g5 51. Ke3 Bf5 52. Bb3 h5 53.
Bf7 h4 54. fxg5 h3 55. Kf2 fxg5 56. Kg1 Kd6 57. Bb3 Kc5 58. Kh2 Kb5 59. Kg1 Kc5
60. Kh2 Kd6 61. Kg1 Ke5 62. Kh2 Bc8 63. Bc2 Kd5 64. Bd3 Bd7 65. Kg1 Kc5 66. Be2
Bf5 67. g4 Bb1 68. Kh2 Kd5 69. Kxh3 Ke4 70. Kg3 Ke3 71. Bb5 Bd3 72. Bd7 Bc4 73.
Bc6 Be2 74. Bd7 Bd3 75. Bc6 Be4 76. Bd7 Bf3 77. Bb5 Be2 78. Bd7 Bd1 79. Be6 Kd3
{Nun geht es endlich zur Sache:} 80. Kf2 (80. c4 Bb3 81. Kf3 Bxc4 82. Bf5+ Kd4
$19) 80... Kxc3 81. Ke3 (81. Bd7 Kd2 $19) 81... b5 82. Ke4 b4 83. Kf5 (83. Ke5
Bb3 84. Bf5 Bc4 85. Kf6 b3 86. Kxg5 Bd3 87. Be6 b2 88. Ba2 Kb4 $19) 83... Bb3 (
83... Bb3 84. Bd7 Bc2+ 85. Kxg5 b3 86. Be6 b2 87. Ba2 Kb4 88. Kf6 Ka3 $19) 0-1